MARC

LEADER 00000nam0a2200000 4500
001 673953
005 20240806092634.0
090 |a 673953 
100 |a 20240806d1979 km|y0rusy50 ca 
101 0 |a rus 
102 |a RU 
105 |a y z 001yy 
181 0 |a i   |b  e  
182 0 |a n 
183 0 |a nc  |2 RDAcarrier 
200 1 |a Познание человека как диалектический процесс  |e монография  |f В. П. Фетисов 
203 |a Текст  |b визуальный  |c непосредственный 
210 |a Воронеж  |c Изд-во Воронеж. ун-та  |d 1979 
215 |a 96 с. 
283 |a volume  |2 RDAcarrier 
320 |a Использованная литература: с. 94-95 
606 1 |a Человек  |x Философские проблемы  |x (философская антропология)  |9 84569 
610 1 |a познание 
610 1 |a диалектика 
610 1 |a противоречия 
610 1 |a мышление 
610 1 |a общение 
610 1 |a социализация 
610 1 |a природные инстинкты 
610 1 |a культурно-исторические ценности 
610 1 |a общественное 
610 1 |a личное 
610 1 |a свобода 
686 |2 rubbk  |a Ю61 
700 1 |a Фетисов  |b В. П.  |g Владимир Петрович 
801 0 |a RU  |b 63413507  |c 20240806 
830 |a Ретро2024Каталогизация Кузнецова 
850 |a 63413507 
942 |c BK